000
00286nam a22001337a 4500
008
170310b xxu||||| |||| 00| 0 eng d
020
_a
3794505832
041
_a
eng
080
_a
611
100
_a
6
101
_a
SHM
245
_a
TOPOGRAPHISCHE ANATOMIE
_c
ROHEN.J.W
942
_2
udc
_c
BK
999
_c
7406
_d
7406